00395nam a22001577a 450000500170000001000150001702000260003203500140005803700090007208200080008124500310008926000510012027000440017130000190021570000030023420240522144602.0 aENG-140479 a9789384440169c700.00 aEN-124011 bDBAD a658 aBBA/BBS/BBM Entrance Exam/ bKhurana Publishing House PVT. LTDc2018aDelhi aA-5/14, Jhilmil Industrial Area, Delhi  a88p.c25cm(hb)